00481nam a2200193Ia 4500003000400000005001700004008004100021020001800062040000600080041001200086082002200098100003300120245003700153250001200190260003000202300001600232440000900248650003000257OSt20240912111139.0240126s9999 xx 000 0 und d a9789384310547 c0 aEnglish a346.092 MYN;1 R aMyneni, S R. Lakshminath, A. 0aLaw of investment and securities a1st ed. bAsia Law HouseaHyderabad axlviii, 638 aNULL aLaw,investment,securities